[Event "2024 US National High School (K-12) Championship"]
[Site "Baltimore, Maryland, United States"]
[Date "2024.04.06"]
[Round "4.5"]
[White "Underwood, Toshinori"]
[Black "Huston, Gus"]
[Result "1/2-1/2"]
[TimeControl "G/90; d10"]
[BlackTitle "IM"]
[WhiteFideId "30941555"]
[BlackFideId "30909090"]
[WhiteElo "2257"]
[BlackElo "2460"]

1. e4 {[%clk 01:30:00]} {[%emt 00:00:01]} c5 {[%clk 01:27:40]} {[%emt
00:02:31]} 2. Nc3 {[%clk 01:29:40]} {[%emt 00:00:29]} Nc6 {[%clk 01:27:05]}
{[%emt 00:00:45]} 3. Bb5 {[%clk 01:29:40]} {[%emt 00:00:03]} Nd4 {[%clk
01:27:05]} {[%emt 00:00:06]} 4. Nf3 {[%clk 01:29:40]} {[%emt 00:00:02]} a6
{[%clk 01:27:05]} {[%emt 00:00:06]} 5. Bd3 {[%clk 01:29:40]} {[%emt 00:00:04]}
e6 {[%clk 01:26:30]} {[%emt 00:00:45]} 6. O-O {[%clk 01:29:39]} {[%emt
00:00:11]} Nc6 {[%clk 01:26:30]} {[%emt 00:00:02]} 7. Re1 {[%clk 01:28:37]}
{[%emt 00:01:11]} g5 {[%clk 01:26:30]} {[%emt 00:00:01]} 8. Kh1 {[%clk
01:16:41]} {[%emt 00:12:07]} g4 {[%clk 01:23:17]} {[%emt 00:03:23]} 9. Ng1
{[%clk 01:16:41]} {[%emt 00:00:05]} h5 {[%clk 01:23:16]} {[%emt 00:00:12]} 10.
Be2 {[%clk 01:06:50]} {[%emt 00:10:01]} Bd6 {[%clk 01:21:28]} {[%emt 00:01:57]}
11. d3 {[%clk 01:00:29]} {[%emt 00:06:31]} Qc7 {[%clk 01:16:36]} {[%emt
00:05:03]} 12. h3 {[%clk 00:48:19]} {[%emt 00:12:19]} b5 {[%clk 01:15:53]}
{[%emt 00:00:54]} 13. Rf1 {[%clk 00:47:16]} {[%emt 00:01:13]} Bb7 {[%clk
01:13:22]} {[%emt 00:02:41]} 14. f3 {[%clk 00:45:50]} {[%emt 00:01:36]} gxh3
{[%clk 01:10:53]} {[%emt 00:02:39]} 15. Nxh3 {[%clk 00:45:46]} {[%emt
00:00:13]} O-O-O {[%clk 01:10:29]} {[%emt 00:00:34]} 16. Nb1 {[%clk 00:39:02]}
{[%emt 00:06:54]} Bg3 {[%clk 01:03:11]} {[%emt 00:07:28]} 17. Bg5 {[%clk
00:36:21]} {[%emt 00:02:50]} f6 {[%clk 00:58:19]} {[%emt 00:05:02]} 18. Be3
{[%clk 00:36:21]} {[%emt 00:00:04]} Nd4 {[%clk 00:57:50]} {[%emt 00:00:39]} 19.
c3 {[%clk 00:35:47]} {[%emt 00:00:44]} Nxe2 {[%clk 00:57:50]} {[%emt 00:00:06]}
20. Qxe2 {[%clk 00:35:47]} {[%emt 00:00:05]} d5 {[%clk 00:57:50]} {[%emt
00:00:07]} 21. Nd2 {[%clk 00:35:15]} {[%emt 00:00:42]} Ne7 {[%clk 00:56:22]}
{[%emt 00:01:38]} 22. a4 {[%clk 00:30:45]} {[%emt 00:04:40]} c4 {[%clk
00:51:09]} {[%emt 00:05:24]} 23. d4 {[%clk 00:29:36]} {[%emt 00:01:18]} Kd7
{[%clk 00:50:32]} {[%emt 00:00:47]} 24. Bf2 {[%clk 00:27:59]} {[%emt 00:01:47]}
h4 {[%clk 00:47:27]} {[%emt 00:03:15]} 25. b3 {[%clk 00:23:07]} {[%emt
00:05:02]} Ng6 {[%clk 00:42:13]} {[%emt 00:05:25]} 26. Be3 {[%clk 00:22:59]}
{[%emt 00:00:18]} Bc6 {[%clk 00:39:50]} {[%emt 00:02:32]} 27. f4 {[%clk
00:20:59]} {[%emt 00:02:09]} Ne7 {[%clk 00:37:55]} {[%emt 00:02:06]} 28. f5
{[%clk 00:19:28]} {[%emt 00:01:41]} exf5 {[%clk 00:33:55]} {[%emt 00:04:10]} 29.
exf5 {[%clk 00:19:27]} {[%emt 00:00:11]} bxa4 {[%clk 00:33:03]} {[%emt
00:01:03]} 30. bxa4 {[%clk 00:14:18]} {[%emt 00:05:19]} Qd6 {[%clk 00:31:40]}
{[%emt 00:01:32]} 31. Rf3 {[%clk 00:12:54]} {[%emt 00:01:34]} Rde8 {[%clk
00:27:29]} {[%emt 00:04:22]} 32. Nf1 {[%clk 00:11:23]} {[%emt 00:01:40]} Nc8
{[%clk 00:26:48]} {[%emt 00:00:50]} 33. Qd2 {[%clk 00:10:41]} {[%emt 00:00:52]}
Re4 {[%clk 00:25:05]} {[%emt 00:01:54]} 34. Bf4 {[%clk 00:08:24]} {[%emt
00:02:27]} Bxf4 {[%clk 00:25:05]} {[%emt 00:00:06]} 35. Nxf4 {[%clk 00:07:54]}
{[%emt 00:00:39]} Ne7 {[%clk 00:24:57]} {[%emt 00:00:18]} 36. Nh3 {[%clk
00:06:52]} {[%emt 00:01:13]} Rh5 {[%clk 00:20:01]} {[%emt 00:05:06]} 37. Ne3
{[%clk 00:04:53]} {[%emt 00:02:09]} Ng8 {[%clk 00:17:28]} {[%emt 00:02:42]} 38.
Nf2 {[%clk 00:04:28]} {[%emt 00:00:35]} Rf4 {[%clk 00:17:13]} {[%emt 00:00:26]}
39. Nxc4 {[%clk 00:04:15]} {[%emt 00:00:23]} dxc4 {[%clk 00:17:04]} {[%emt
00:00:18]} 40. Qxf4 {[%clk 00:04:02]} {[%emt 00:00:23]} Qxf4 {[%clk 00:15:04]}
{[%emt 00:02:10]} 41. Rxf4 {[%clk 00:04:02]} {[%emt 00:00:05]} h3 {[%clk
00:15:04]} {[%emt 00:00:01]} 1/2-1/2

[Event "2024 US National High School (K-12) Championship"]
[Site "Baltimore, Maryland, United States"]
[Date "2024.04.06"]
[Round "4.6"]
[White "Lu, Maximillian"]
[Black "Singh, Hersh"]
[Result "1-0"]
[TimeControl "G/90; d10"]
[WhiteTitle "IM"]
[BlackTitle "FM"]
[WhiteFideId "2096242"]
[BlackFideId "30918804"]
[WhiteElo "2452"]
[BlackElo "2265"]

1. c4 {[%clk 01:30:00]} {[%emt 00:00:04]} e6 {[%clk 01:30:00]} {[%emt
00:00:04]} 2. g3 {[%clk 01:30:00]} {[%emt 00:00:01]} d5 {[%clk 01:30:00]}
{[%emt 00:00:06]} 3. Bg2 {[%clk 01:30:00]} {[%emt 00:00:05]} dxc4 {[%clk
01:30:00]} {[%emt 00:00:07]} 4. Qa4+ {[%clk 01:30:00]} {[%emt 00:00:06]} Nd7
{[%clk 01:30:00]} {[%emt 00:00:05]} 5. Qxc4 {[%clk 01:30:00]} {[%emt 00:00:04]}
a6 {[%clk 01:30:00]} {[%emt 00:00:06]} 6. Qc2 {[%clk 01:30:00]} {[%emt
00:00:04]} c5 {[%clk 01:28:36]} {[%emt 00:01:35]} 7. Nf3 {[%clk 01:30:00]}
{[%emt 00:00:05]} Qc7 {[%clk 01:26:25]} {[%emt 00:02:22]} 8. Nc3 {[%clk
01:28:41]} {[%emt 00:01:29]} b5 {[%clk 01:25:23]} {[%emt 00:01:12]} 9. a4
{[%clk 01:28:32]} {[%emt 00:00:19]} b4 {[%clk 01:23:20]} {[%emt 00:02:14]} 10.
Nd1 {[%clk 01:28:32]} {[%emt 00:00:01]} Bb7 {[%clk 01:22:38]} {[%emt 00:00:52]}
11. Ne3 {[%clk 01:27:47]} {[%emt 00:00:54]} Ngf6 {[%clk 01:20:32]} {[%emt
00:02:16]} 12. O-O {[%clk 01:27:43]} {[%emt 00:00:15]} Be7 {[%clk 01:19:59]}
{[%emt 00:00:43]} 13. d3 {[%clk 01:27:43]} {[%emt 00:00:09]} O-O {[%clk
01:17:38]} {[%emt 00:02:31]} 14. Nc4 {[%clk 01:25:49]} {[%emt 00:02:03]} Nd5
{[%clk 01:11:13]} {[%emt 00:06:36]} 15. e4 {[%clk 01:21:22]} {[%emt 00:04:37]}
N5b6 {[%clk 01:08:32]} {[%emt 00:02:51]} 16. Bf4 {[%clk 01:20:52]} {[%emt
00:00:40]} Qd8 {[%clk 01:05:36]} {[%emt 00:03:06]} 17. Na5 {[%clk 01:19:07]}
{[%emt 00:01:55]} Ra7 {[%clk 01:03:12]} {[%emt 00:02:34]} 18. d4 {[%clk
01:03:35]} {[%emt 00:15:42]} Ba8 {[%clk 01:00:43]} {[%emt 00:02:39]} 19. Rfd1
{[%clk 01:03:20]} {[%emt 00:00:25]} Qc8 {[%clk 00:59:03]} {[%emt 00:01:50]} 20.
Rac1 {[%clk 00:59:57]} {[%emt 00:03:33]} cxd4 {[%clk 00:50:37]} {[%emt
00:08:37]} 21. Qxc8 {[%clk 00:52:06]} {[%emt 00:08:01]} Rxc8 {[%clk 00:49:40]}
{[%emt 00:01:06]} 22. Rxc8+ {[%clk 00:51:38]} {[%emt 00:00:38]} Nxc8 {[%clk
00:49:40]} {[%emt 00:00:01]} 23. Nxd4 {[%clk 00:51:32]} {[%emt 00:00:17]} Kf8
{[%clk 00:42:04]} {[%emt 00:07:45]} 24. Ndc6 {[%clk 00:38:32]} {[%emt
00:13:10]} Bxc6 25. Nxc6 {[%clk 00:38:32]} Rb7 {[%clk 00:41:54]} {[%emt
00:00:17]} 26. Bf1 {[%clk 00:37:56]} {[%emt 00:00:45]} Rb6 {[%clk 00:31:00]}
{[%emt 00:11:03]} 27. Na5 {[%clk 00:35:27]} {[%emt 00:02:40]} e5 {[%clk
00:21:04]} {[%emt 00:10:07]} 28. Be3 {[%clk 00:33:59]} {[%emt 00:01:38]} Rd6
{[%clk 00:20:03]} {[%emt 00:01:10]} 29. Rc1 {[%clk 00:33:59]} {[%emt 00:00:10]}
Ncb6 {[%clk 00:18:01]} {[%emt 00:02:12]} 30. Nb7 {[%clk 00:33:36]} {[%emt
00:00:33]} Re6 {[%clk 00:16:39]} {[%emt 00:01:31]} 31. a5 {[%clk 00:33:35]}
{[%emt 00:00:12]} g5 {[%clk 00:12:18]} {[%emt 00:04:31]} 32. axb6 {[%clk
00:33:07]} {[%emt 00:00:38]} Nxb6 {[%clk 00:12:10]} {[%emt 00:00:18]} 33. Bxa6
{[%clk 00:31:57]} {[%emt 00:01:20]} Kg7 {[%clk 00:11:26]} {[%emt 00:00:54]} 34.
Bb5 {[%clk 00:31:17]} {[%emt 00:00:50]} h6 {[%clk 00:10:56]} {[%emt 00:00:40]}
35. Bc6 {[%clk 00:31:11]} {[%emt 00:00:17]} Na8 {[%clk 00:10:30]} {[%emt
00:00:35]} 36. Bd5 {[%clk 00:30:28]} {[%emt 00:00:53]} Ra6 {[%clk 00:10:18]}
{[%emt 00:00:22]} 37. Kg2 {[%clk 00:30:12]} {[%emt 00:00:26]} h5 {[%clk
00:10:04]} {[%emt 00:00:24]} 38. Rc8 {[%clk 00:30:12]} {[%emt 00:00:06]} h4
{[%clk 00:09:56]} {[%emt 00:00:17]} 39. gxh4 {[%clk 00:30:12]} {[%emt
00:00:02]} gxh4 {[%clk 00:09:56]} {[%emt 00:00:06]} 40. Kh3 {[%clk 00:29:37]}
{[%emt 00:00:44]} Ra1 {[%clk 00:09:26]} {[%emt 00:00:41]} 41. Nd8 {[%clk
00:28:54]} {[%emt 00:00:54]} Nc7 {[%clk 00:09:16]} {[%emt 00:00:19]} 42. Rxc7
{[%clk 00:28:54]} {[%emt 00:00:11]} Bxd8 {[%clk 00:09:16]} {[%emt 00:00:01]} 43.
Rxf7+ {[%clk 00:28:54]} {[%emt 00:00:01]} Kg6 {[%clk 00:09:16]} {[%emt
00:00:02]} 44. Ra7 {[%clk 00:28:38]} {[%emt 00:00:25]} 1-0

[Event "2024 US National High School (K-12) Championship"]
[Site "Baltimore, Maryland, United States"]
[Date "2024.04.06"]
[Round "4.7"]
[White "Nasta, Kiren"]
[Black "Luo, Terry"]
[Result "0-1"]
[TimeControl "G/90; d10"]
[BlackTitle "FM"]
[WhiteFideId "30943612"]
[BlackFideId "30931045"]
[WhiteElo "2241"]
[BlackElo "2417"]

1. e4 {[%clk 01:24:32]} {[%emt 00:05:37]} e5 {[%clk 01:30:00]} {[%emt
00:00:04]} 2. Nf3 {[%clk 01:24:32]} {[%emt 00:00:03]} Nc6 {[%clk 01:30:00]}
{[%emt 00:00:02]} 3. Bb5 {[%clk 01:24:32]} {[%emt 00:00:03]} a6 {[%clk
01:30:00]} {[%emt 00:00:03]} 4. Ba4 {[%clk 01:24:32]} {[%emt 00:00:03]} Nf6
{[%clk 01:30:00]} {[%emt 00:00:03]} 5. O-O {[%clk 01:24:32]} {[%emt 00:00:07]}
Be7 {[%clk 01:30:00]} {[%emt 00:00:01]} 6. d3 {[%clk 01:24:32]} {[%emt
00:00:04]} d6 {[%clk 01:30:00]} {[%emt 00:00:07]} 7. c3 {[%clk 01:24:32]}
{[%emt 00:00:08]} O-O {[%clk 01:29:39]} {[%emt 00:00:31]} 8. Re1 {[%clk
01:23:51]} {[%emt 00:00:52]} Re8 {[%clk 01:29:26]} {[%emt 00:00:22]} 9. Nbd2
{[%clk 01:23:35]} {[%emt 00:00:26]} Bf8 {[%clk 01:29:26]} {[%emt 00:00:05]} 10.
Nf1 {[%clk 01:23:09]} {[%emt 00:00:36]} h6 {[%clk 01:29:13]} {[%emt 00:00:23]}
11. Ng3 {[%clk 01:22:41]} {[%emt 00:00:38]} b5 {[%clk 01:29:13]} {[%emt
00:00:03]} 12. Bb3 {[%clk 01:22:41]} {[%emt 00:00:05]} Ne7 {[%clk 01:29:13]}
{[%emt 00:00:03]} 13. d4 {[%clk 01:20:30]} {[%emt 00:02:21]} Ng6 {[%clk
01:28:11]} {[%emt 00:01:11]} 14. h3 {[%clk 01:16:24]} {[%emt 00:04:17]} Bb7
{[%clk 01:27:04]} {[%emt 00:01:17]} 15. Bc2 {[%clk 01:15:36]} {[%emt 00:00:58]}
c5 {[%clk 01:25:38]} {[%emt 00:01:36]} 16. d5 {[%clk 01:11:21]} {[%emt
00:04:25]} Bc8 {[%clk 01:23:02]} {[%emt 00:02:45]} 17. a4 {[%clk 01:10:17]}
{[%emt 00:01:15]} Bd7 {[%clk 01:23:02]} {[%emt 00:00:10]} 18. Be3 {[%clk
01:04:59]} {[%emt 00:05:27]} Qc7 {[%clk 01:15:40]} {[%emt 00:07:33]} 19. Qd2
{[%clk 00:58:40]} {[%emt 00:06:30]} Reb8 {[%clk 01:09:11]} {[%emt 00:06:38]} 20.
a5 {[%clk 00:56:02]} {[%emt 00:02:49]} Re8 {[%clk 01:02:19]} {[%emt 00:07:01]}
21. Kh2 {[%clk 00:54:17]} {[%emt 00:01:54]} Nh7 {[%clk 01:00:53]} {[%emt
00:01:37]} 22. Ng1 {[%clk 00:43:24]} {[%emt 00:11:04]} Be7 {[%clk 01:00:01]}
{[%emt 00:01:01]} 23. N3e2 {[%clk 00:41:50]} {[%emt 00:01:43]} Bg5 {[%clk
00:56:48]} {[%emt 00:03:24]} 24. g3 {[%clk 00:40:08]} {[%emt 00:01:52]} Bxe3
{[%clk 00:56:18]} {[%emt 00:00:39]} 25. Qxe3 {[%clk 00:40:04]} {[%emt
00:00:14]} Rf8 {[%clk 00:55:21]} {[%emt 00:01:08]} 26. f4 {[%clk 00:38:45]}
{[%emt 00:01:29]} exf4 {[%clk 00:53:12]} {[%emt 00:02:19]} 27. gxf4 {[%clk
00:37:27]} {[%emt 00:01:28]} Rae8 {[%clk 00:53:11]} {[%emt 00:00:11]} 28. Nf3
{[%clk 00:36:17]} {[%emt 00:01:20]} Nf6 {[%clk 00:46:21]} {[%emt 00:06:59]} 29.
c4 {[%clk 00:31:41]} {[%emt 00:04:47]} Nxe4 {[%clk 00:40:59]} {[%emt 00:05:33]}
30. Bxe4 {[%clk 00:29:47]} {[%emt 00:02:04]} f5 {[%clk 00:40:59]} 31. Nd2
{[%clk 00:24:54]} {[%emt 00:05:02]} fxe4 {[%clk 00:36:30]} {[%emt 00:04:40]} 32.
Rg1 {[%clk 00:24:46]} {[%emt 00:00:18]} Nh4 {[%clk 00:31:56]} {[%emt 00:04:44]}
33. cxb5 {[%clk 00:21:26]} {[%emt 00:03:30]} Bxb5 {[%clk 00:29:21]} {[%emt
00:02:45]} 34. Nxe4 {[%clk 00:18:42]} {[%emt 00:02:54]} Rxe4 {[%clk 00:26:39]}
{[%emt 00:02:51]} 35. Qxe4 {[%clk 00:18:01]} {[%emt 00:00:52]} Re8 {[%clk
00:26:35]} {[%emt 00:00:15]} 36. Qxe8+ {[%clk 00:15:27]} {[%emt 00:02:43]} Bxe8
{[%clk 00:26:35]} {[%emt 00:00:02]} 37. Rgf1 {[%clk 00:14:46]} {[%emt
00:00:50]} Bb5 {[%clk 00:26:30]} {[%emt 00:00:16]} 38. Rf2 {[%clk 00:14:46]}
{[%emt 00:00:08]} Bxe2 {[%clk 00:26:25]} {[%emt 00:00:16]} 39. Rxe2 {[%clk
00:14:46]} {[%emt 00:00:02]} Qf7 {[%clk 00:26:25]} {[%emt 00:00:04]} 0-1